00263nam a2200109Ia 4500008004100000020001500041100002400056245002800080250000800108260002900116300000800145211105s9999 xx 000 0 und d aVYASA16223 aRamakrishana Rao K. 0aYoga And Parapsychology a1st bMotilal banarsidass c\N a515